First names first (Record no. 43562)

MARC details
000 -LEADER
fixed length control field 00567nam a2200169 a 4500
008 - FIXED-LENGTH DATA ELEMENTS--GENERAL INFORMATION
fixed length control field 120416s1977 ||||||||||||||||| || u
020 ## - INTERNATIONAL STANDARD BOOK NUMBER
International Standard Book Number 0460120255
050 ## - LIBRARY OF CONGRESS CALL NUMBER
Classification number CS 2367 Dun
100 ## - MAIN ENTRY--PERSONAL NAME
Personal name Dunkling, Leslie Alan
245 10 - TITLE STATEMENT
Title First names first
260 ## - PUBLICATION, DISTRIBUTION, ETC.
Place of publication, distribution, etc. London :
Name of publisher, distributor, etc. J. M. Dent
Date of publication, distribution, etc. 1977.
300 ## - PHYSICAL DESCRIPTION
Extent 285 p. : ill.
350 ## - PRICE (NR) (BK AM CF MU VM SE) [OBSOLETE]
Price 0.00
500 ## - GENERAL NOTE
General note Bibliography.
650 ## - SUBJECT ADDED ENTRY--TOPICAL TERM
Topical term or geographic name entry element NAMES, PERSONAL
995 ## - RECOMMENDATION 995 [LOCAL, UNIMARC FRANCE]
-- 0.00
-- CBU-MAIN LIBRARY (Kitwe)
-- 1
-- 4.50
-- 1
-- AVAILABLE
-- Jun 16, 2006
-- Annex Low-Usage Collection
Holdings
Withdrawn status Lost status Source of classification or shelving scheme Damaged status Not for loan Home library Current library Shelving location Date acquired Total Checkouts Full call number Barcode Date last seen Price effective from Koha item type
          CBU-MAIN LIBRARY, KITWE. CBU-MAIN LIBRARY, KITWE.   11/30/2022   CS 2367 Dun 001489 11/30/2022 11/30/2022 MONOGRAPH